000367584 001__ 367584
000367584 005__ 20260506142012.0
000367584 0247_ $$2doi$$a10.18429/JACOW-ICALEPCS2025-THPD059
000367584 037__ $$aGSI-2026-00664
000367584 041__ $$aEnglish
000367584 1001_ $$0P:(DE-HGF)0$$aMadej, Tomasz$$b0$$eCorresponding author
000367584 1112_ $$a20th Int. Conf. Accel. Large Exp. Phys. Control Syst.$$cChicago$$d2025-09-20 - 2025-09-26$$gICALEPCS'25$$wUSA
000367584 245__ $$aGas supply control system for straw tube detectors in the PANDA experiment
000367584 260__ $$bJACoW Publishing$$c2025
000367584 300__ $$a1727-1730 pages
000367584 3367_ $$2ORCID$$aCONFERENCE_PAPER
000367584 3367_ $$033$$2EndNote$$aConference Paper
000367584 3367_ $$2BibTeX$$aINPROCEEDINGS
000367584 3367_ $$2DRIVER$$aconferenceObject
000367584 3367_ $$2DataCite$$aOutput Types/Conference Paper
000367584 3367_ $$0PUB:(DE-HGF)8$$2PUB:(DE-HGF)$$aContribution to a conference proceedings$$bcontrib$$mcontrib$$s1778069787_2080313
000367584 520__ $$aIn the PANDA experiment designed for studies with antiproton beams at the FAIR (Facility for Antiproton and Ion Research) accelerator complex, gaseous detectors of straw tube type are used for precise reconstruction of charged particle tracks. Developed multi-channel gas mixture supply system for the PANDA straw detectors meets high requirements regarding, among others, precision of mixing the component gases, stabilization of gas pressure in the detectors and protection of the detectors in the event of a system failure. The hardware architecture of the gas system integrates gas supply components, atmospheric condition sensors, and automation based on PLC controllers to maintain optimal working conditions. The software structure, based on EPICS, enables modular control, real-time monitoring, and efficient data collection. The user interface, developed using Phoebus, provides an intuitive graphical environment for system operation and diagnostics. This work presents the design, implementation, and functionalities of the gas supply control system, highlighting its role in ensuring precise and reliable operation of the PANDA straw detectors. Potential improvements and future extensions are discussed, focusing on optimizing system performance for upcoming experimental phases.
000367584 588__ $$aDataset connected to DataCite
000367584 650_7 $$2Other$$aAccelerator Physics
000367584 650_7 $$2Other$$aMC09 - MC09: Experiment Control and Data Acquisition
000367584 693__ $$0EXP:(DE-Ds200)FAIR-Facility$$1EXP:(DE-Ds200)FAIR-Facility$$a
FAIR Facility
$$x0
000367584 7001_ $$aZytniak, Lukasz$$b1
000367584 7001_ $$aSmyrski, Jerzy$$b2
000367584 773__ $$a10.18429/JACOW-ICALEPCS2025-THPD059
000367584 980__ $$acontrib
000367584 980__ $$aI:(DE-Ds200)Coll-FAIR-PANDA
000367584 980__ $$aI:(DE-Ds200)BUD-20051214OR030
000367584 9801_ $$aEXTERN4COORD